Kuala Lumpur city guide.
| Format: | Book |
|---|---|
| Published: |
Singapore:
APA Publications,
2011.
|
| Series: | Insight guide
|
| Subjects: |
| LEADER | 00464cam a2200157 7i4500 | ||
|---|---|---|---|
| 001 | 0000027026 | ||
| 005 | 20190906090000.0 | ||
| 020 | # | # | |a 9789812823205 |
| 090 | 0 | 0 | |a B 915.957045 |b INS (LRM) |
| 245 | 0 | 0 | |a Kuala Lumpur city guide. |
| 260 | 0 | 0 | |a Singapore: |b APA Publications, |c 2011. |
| 300 | # | # | |a 272p. |
| 440 | 0 | 0 | |a Insight guide |
| 650 | 0 | 0 | |a Description and travel -- |z Kuala Lumpur, Malaysia |
| 651 | 0 | 0 | |a Malaysia |
| 999 | |a B000029568 |b Book |c Malaysia |e Business Information Centre | ||


